[Event "Aalborg Larsen Gp1"]
[Site "Aalborg"]
[Date "2024.10.14"]
[Round "1"]
[White "Rasmussen, Morten Thor"]
[Black "Zander, Emil"]
[Result "0-1"]
[WhiteElo "1900"]
[BlackElo "2131"]
[PlyCount "54"]
[EventDate "2024.10.14"]
[EventType "swiss"]
[EventRounds "5"]
[EventCountry "DEN"]
[SourceTitle "CB43_2024"]
[Source "Chessbase"]
[SourceDate "2024.10.23"]
[SourceVersion "1"]
[SourceVersionDate "2024.10.23"]
[SourceQuality "1"]

1. e4 c5 2. c3 Nf6 3. e5 Nd5 4. d4 cxd4 5. cxd4 d6 6. Nf3 Nc6 7. Nc3 dxe5 8. dxe5 Nxc3 9. Qxd8+ Nxd8 10. bxc3 Bd7 11. Be3 g6 12. Bc4 Bc6 13. Nd4 Bxg2 14. f3 Bxh1 15. Bb5+ Nc6 16. Nxc6 a6 17. Ba4 b5 18. Bd1 Rc8 19. Nd4 Bg2 20. a4 Bg7 21. axb5 axb5 22. Nxb5 0-0 23. Bd4 Bxe5 24. Ra7 Bxd4 25. cxd4 Rb8 26. Kf2 Rxb5 27. Kxg2 e6 0-1

[Event "DEN-ch Kort 1"]
[Site "Skorping"]
[Date "2014.04.13"]
[Round "3"]
[White "Rasmussen, Morten Thor"]
[Black "Jensen, Stig Gorm"]
[Result "0-1"]
[WhiteElo "1810"]
[BlackElo "1994"]
[PlyCount "52"]
[EventDate "2014.04.12"]
[EventType "swiss"]
[EventRounds "5"]
[EventCountry "DEN"]
[SourceTitle "EXT 2023"]
[Source "ChessBase"]
[SourceDate "2022.10.05"]
[SourceVersion "1"]
[SourceVersionDate "2022.10.05"]
[SourceQuality "1"]

1. e4 e5 2. f4 Nf6 3. d3 Nc6 4. Nf3 d6 5. fxe5 dxe5 6. Bg5 Bc5 7. Nc3 h6 8. Bh4 g5 9. Bg3 Bg4 10. Qd2 Qe7 11. 0-0-0 0-0-0 12. Be1 Bb4 13. Qf2 Qe6 14. Kb1 Bxc3 15. Bxc3 Nxe4 16. Qe1 Nxc3+ 17. bxc3 Bxf3 18. gxf3 Qd5 19. Qe4 Qb5+ 20. Kc1 Qa5 21. Qf5+ Kb8 22. Qxf7 Qxc3 23. Qb3 Qc5 24. Bg2 Nd4 25. Qb2 Ne2+ 26. Kd2 Nf4 0-1

[Event "Odense Andersen op"]
[Site "Odense"]
[Date "2013.05.12"]
[Round "3"]
[White "Thogersen, Rasmus"]
[Black "Rasmussen, Morten Thor"]
[Result "1-0"]
[WhiteElo "2013"]
[BlackElo "1719"]
[PlyCount "57"]
[EventDate "2013.05.08"]
[EventType "swiss"]
[EventRounds "9"]
[EventCountry "DEN"]
[SourceTitle "CBM 154 Extra"]
[Source "ChessBase"]
[SourceDate "2013.06.25"]
[SourceVersion "2"]
[SourceVersionDate "2013.06.25"]
[SourceQuality "1"]

1. e4 e5 2. Nf3 f5 3. Nxe5 Qf6 4. d4 Nc6 5. Nxc6 bxc6 6. exf5 c5 7. Bd3 Bb7 8. Qh5+ g6 9. fxg6 0-0-0 10. gxh7 cxd4 11. 0-0 Bd6 12. Nd2 Qg7 13. Ne4 Nf6 14. Nxd6+ cxd6 15. Qg5 Qe7 16. Bf4 Rdg8 17. hxg8Q+ Rxg8 18. Bg6 Qg7 19. Bxd6 Ne4 20. Qa5 Nxd6 21. Qc5+ Bc6 22. Qxd6 Bxg2 23. Kxg2 Qf7 24. Qa6+ Kb8 25. Qd3 Rxg6+ 26. Kh1 Qd5+ 27. f3 Rh6 28. Qe4 Qh5 29. Qf4+ 1-0

[Event "Odense Andersen op"]
[Site "Odense"]
[Date "2013.05.11"]
[Round "6"]
[White "Rasmussen, Morten Thor"]
[Black "Heinemann, Guido"]
[Result "0-1"]
[WhiteElo "1719"]
[BlackElo "1856"]
[PlyCount "38"]
[EventDate "2013.05.08"]
[EventType "swiss"]
[EventRounds "9"]
[EventCountry "DEN"]
[SourceTitle "CBM 154 Extra"]
[Source "ChessBase"]
[SourceDate "2013.06.25"]
[SourceVersion "2"]
[SourceVersionDate "2013.06.25"]
[SourceQuality "1"]

1. e4 e5 2. f4 d5 3. exd5 c6 4. dxc6 Nxc6 5. Bb5 exf4 6. Bxc6+ bxc6 7. Nf3 Bd6 8. d4 Ba6 9. Nc3 Nf6 10. Ne5 g5 11. Kf2 Bxe5 12. Re1 0-0 13. Rxe5 Ng4+ 14. Ke1 Nxe5 15. dxe5 Qb6 16. Ne2 Rad8 17. Bd2 Rfe8 18. c4 Rxe5 19. Qc2 Qg1# 0-1